| 000 | 00562nam a22001697a 4500 | ||
|---|---|---|---|
| 008 | 141107b xxu||||| |||| 00| 0 eng d | ||
| 020 | _a9780486268729 | ||
| 050 | _aE457.92 1991 | ||
| 100 |
_aLincoln, Abraham _912513 |
||
| 245 |
_aGreat Speeches _cAbraham Lincoln |
||
| 260 |
_aNew York _bDover Publications, INC. _c1991 |
||
| 300 |
_aviii,113p. : _c20cm. |
||
| 650 |
_aUnited States _xPolitics and goverment _912514 |
||
| 650 |
_aUnited States _xPolitics and government _912515 |
||
| 650 |
_aIllionis _xPolitics and government _912516 |
||
| 942 |
_2lcc _cMONOGRAPH |
||
| 999 |
_c121207 _d121207 |
||